01125nam a2200193Ia 4500001001100000003001000011008004100021040002500062041001300087100002900100245008100129250001100210260005000221300001200271500025800283501011400541520025800655650001800913L760-29476IT-CnALBA170116s9999||||xx |||||||||||||| ||und|| aIT-CnALBAcIT-CnALBA aITALIANO aADRIANO, FRÀ FRANCESCO 0aLA COMPOSIZIONE. TESTO DI TECNOLOGIA TIPOGRAFICA. PRIMO ANNO DI AVVIAMENTO.  a1a ed. a ASTIbSCUOLA TIPOGRAFICA SAN GIUSEPPE cn.d. a116 p.  aSTORIA. SCRITTURA. CARTA. OFFICINE SCRITTORIE. XILOGRAFIA. STAMPA. TIPOGRAFIA. TIPOGRAFI ILLUSTRI. RISMATURA. INCHIOSTRI. COMPOSIZIONE. STEREOTIPIA. MOBILI. METRICA TIPOGRAFICA. BIANCO TIPOGRAFICO. CARATTERI. BOZZE. CORREZIONI IN PIOMBO. SCOMPOSIZIONE.  aSocietà San Paolo EM - Piazza San Paolo, 14 - 12051 ALBA (CN) (non commercial uses only) ® Copyright 2017 aSTORIA. SCRITTURA. CARTA. OFFICINE SCRITTORIE. XILOGRAFIA. STAMPA. TIPOGRAFIA. TIPOGRAFI ILLUSTRI. RISMATURA. INCHIOSTRI. COMPOSIZIONE. STEREOTIPIA. MOBILI. METRICA TIPOGRAFICA. BIANCO TIPOGRAFICO. CARATTERI. BOZZE. CORREZIONI IN PIOMBO. SCOMPOSIZIONE.  aARTI GRAFICHE